000 00818nam a2200229Ii 4500
003 JO-AjNU
008 230605s9999||||xx |||||||||||||| ||und||
017 _a17001
020 _a978-977-308-607-7
040 _aJO-AjNU
_bara
_erda
_cJO-AjNU
041 _aara
050 1 4 _aD21.B35.2019
100 3 _aاعداد بخيت، رجب محمود,
_eauthor
_961886
245 0 0 _aمختصر تاريخ العالم
250 _aالطبعة الاولى
264 3 1 _aدسوق: دار العلم والايمان للنشر والتوزيع، 2019
300 _a519ص
_b ويحتوي على قائمة مراجع من ص517-ص519
336 _atext
_btxt
_2rdacontent
337 _aunmediated
_bn
_2rdamedia
338 _avolume
_bnc
_2rdacarrier
650 4 _aالعالم القديم- حضارة-تاريخ
_961887
999 _aA27996
_c31564
_d31564